[Event "15MCR_F"]
[Site "?"]
[Date "2001.??.??"]
[Round "?"]
[White "Rybak, Milan"]
[Black "Kadlec, Antonin"]
[Result "0-1"]
[WhiteElo "2410"]
[BlackElo "2375"]
[PlyCount "81"]
[EventDate "2001.??.??"]
[EventType "corr"]
[Source "Chess Mail Ltd"]
[SourceDate "2005.07.27"]

1. e4 e5 2. Nf3 Nc6 3. Bc4 Bc5 4. b4 Bxb4 5. c3 Ba5 6. d4 d6 7. Qb3 Qd7 8. dxe5
Bb6 9. Nbd2 Na5 10. Qb4 Nxc4 11. Qxc4 Ne7 12. Ba3 d5 13. Qb3 dxe4 14. Nxe4 Qd5
15. Ned2 Qxb3 16. axb3 Nc6 17. Nc4 Be6 18. Nxb6 axb6 19. c4 Bg4 20. Nd2 Nxe5
21. O-O Kd7 22. h3 Bf5 23. f4 Nc6 24. g4 Bd3 25. Rfd1 Bc2 26. Re1 Rhe8 27. Bb2
Rxa1 28. Rxa1 Re2 29. Bc3 Re3 30. Bxg7 Rxh3 31. Kg2 Rd3 32. Ne4 Bxb3 33. f5
Bxc4 34. Nf6+ Kc8 35. Nxh7 b5 36. Rc1 Nd4 37. Kf2 b6 38. Ng5 c5 39. Ne4 Rf3+
40. Kg2 Bd5 41. Bxd4 0-1

[Event "15MCR_F"]
[Site "?"]
[Date "2001.??.??"]
[Round "?"]
[White "Vrkoc, David"]
[Black "Kadlec, Antonin"]
[Result "1/2-1/2"]
[WhiteElo "2355"]
[BlackElo "2375"]
[PlyCount "41"]
[EventDate "2001.??.??"]
[EventType "corr"]
[Source "Chess Mail Ltd"]
[SourceDate "2005.07.27"]

1. e4 e5 2. Nf3 Nc6 3. Bc4 Bc5 4. b4 Bxb4 5. c3 Ba5 6. d4 d6 7. O-O Bb6 8. dxe5
dxe5 9. Qb3 Qf6 10. Bg5 Qg6 11. a4 Nf6 12. a5 Bc5 13. Bxf6 Qxf6 14. Qb5 Qd6 15.
a6 Rb8 16. Nbd2 O-O 17. Bd5 Bd7 18. axb7 Nd8 19. Qa5 Bb6 20. Qa3 Be6 21. Qxd6
1/2-1/2

[Event "15MCR_F"]
[Site "?"]
[Date "2001.??.??"]
[Round "?"]
[White "Doudera, Lubomir"]
[Black "Hybl, Vladislav"]
[Result "1/2-1/2"]
[WhiteElo "2240"]
[BlackElo "2240"]
[PlyCount "55"]
[EventDate "2001.??.??"]
[EventType "corr"]
[Source "Chess Mail Ltd"]
[SourceDate "2005.07.27"]

1. e4 e5 2. Nf3 Nc6 3. Bc4 Bc5 4. c3 Nf6 5. d3 d6 6. O-O O-O 7. Bb3 a6 8. Nbd2
b5 9. Re1 Bg4 10. Nf1 h6 11. h3 Be6 12. Ng3 Bxb3 13. axb3 a5 14. Nh4 Ne7 15.
Nhf5 Nxf5 16. Nxf5 Kh7 17. Bd2 Ng8 18. b4 Bb6 19. bxa5 Rxa5 20. Rxa5 Bxa5 21.
Be3 g6 22. Ng3 c5 23. Qg4 Qc8 24. Qxc8 Rxc8 25. Ra1 Bb6 26. Ra6 Rb8 27. b4 Ne7
28. Ne2 1/2-1/2

[Event "15MCR_F"]
[Site "?"]
[Date "2001.??.??"]
[Round "?"]
[White "Doudera, Lubomir"]
[Black "Masek, Jan"]
[Result "1/2-1/2"]
[WhiteElo "2240"]
[BlackElo "2330"]
[PlyCount "57"]
[EventDate "2001.??.??"]
[EventType "corr"]
[Source "Chess Mail Ltd"]
[SourceDate "2005.07.27"]

1. e4 e5 2. Nf3 Nc6 3. Bc4 Bc5 4. c3 Nf6 5. d3 a6 6. O-O Ba7 7. Bb3 O-O 8. Nbd2
d6 9. Nc4 Be6 10. Bg5 h6 11. Bh4 Bxc4 12. Bxc4 Na5 13. Nd2 Qe7 14. Qf3 g5 15.
Bg3 b5 16. Bb3 Nxb3 17. axb3 Bb6 18. b4 a5 19. bxa5 Rxa5 20. Rxa5 Bxa5 21. Ra1
Bb6 22. Nf1 Kg7 23. h3 Qe6 24. Ne3 Kg6 25. Nf5 Nh5 26. h4 Ng7 27. Ne3 Bxe3 28.
Qxe3 f5 29. exf5+ 1/2-1/2

[Event "15MCR_F"]
[Site "?"]
[Date "2001.??.??"]
[Round "?"]
[White "Doudera, Lubomir"]
[Black "Straka, Zdenek"]
[Result "0-1"]
[WhiteElo "2240"]
[BlackElo "2355"]
[PlyCount "124"]
[EventDate "2001.??.??"]
[EventType "corr"]
[Source "Chess Mail Ltd"]
[SourceDate "2005.07.27"]

1. e4 e5 2. Nf3 Nc6 3. Bc4 Bc5 4. c3 Nf6 5. d3 d6 6. O-O O-O 7. Bb3 a6 8. Nbd2
Bg4 9. h3 Bh5 10. Re1 Re8 11. Nf1 h6 12. Ng3 Bg6 13. a4 a5 14. Bc4 Nd7 15. b3
Qf6 16. Bb2 Nd8 17. d4 Ba7 18. Ba3 Ne6 19. Bb5 c6 20. d5 cxb5 21. dxe6 Qxe6 22.
axb5 Rec8 23. c4 a4 24. bxa4 Rxc4 25. Qxd6 Rxa4 26. Qxe6 fxe6 27. Bb2 Bb6 28.
Rxa4 Rxa4 29. Nxe5 Nxe5 30. Bxe5 Rb4 31. Rd1 Rxb5 32. Bc3 Be8 33. Kf1 Rb3 34.
Be5 Bb5+ 35. Ne2 Kf7 36. f3 Re3 37. Rd2 Ra3 38. h4 Be3 39. Rc2 Bd3 40. Rc7+ Ke8
41. Ke1 Rb3 42. Rc8+ Kd7 43. Rc1 Bxc1 44. Nxc1 Rb1 45. Kd2 Bf1 46. g4 g6 47. f4
b6 48. Bg7 h5 49. gxh5 gxh5 50. f5 exf5 51. exf5 Rb4 52. Nd3 Bxd3 53. Kxd3 Rxh4
54. Ke3 Rg4 55. Be5 h4 56. Kf3 Rg8 57. Bf4 h3 58. Be5 b5 59. f6 h2 60. Bxh2 Ke6
61. f7 Kxf7 62. Bd6 Ke6 0-1

[Event "15MCR_F"]
[Site "?"]
[Date "2001.??.??"]
[Round "?"]
[White "Doudera, Lubomir"]
[Black "Vavrla, Zdenek"]
[Result "0-1"]
[WhiteElo "2240"]
[BlackElo "2320"]
[PlyCount "106"]
[EventDate "2001.??.??"]
[EventType "corr"]
[Source "Chess Mail Ltd"]
[SourceDate "2005.07.27"]

1. e4 e5 2. Nf3 Nc6 3. Bc4 Bc5 4. c3 Nf6 5. d3 d6 6. O-O Bb6 7. Bb3 h6 8. Nbd2
O-O 9. Nc4 Be6 10. a4 Nd7 11. Be3 Qe7 12. Re1 Nf6 13. Nxb6 axb6 14. Bc2 Bg4 15.
Qe2 Qe6 16. h3 Bh5 17. b4 Rfe8 18. Bd2 d5 19. Rab1 Qd6 20. exd5 Qxd5 21. g4 Bg6
22. c4 Qd6 23. b5 e4 24. dxe4 Bxe4 25. Bxe4 Rxe4 26. Be3 Na5 27. Nd2 Re7 28.
Rbd1 Rae8 29. Ne4 Qe6 30. Nd2 Ne4 31. Qd3 Nxd2 32. Bxd2 Qxc4 33. Bxa5 Qxd3 34.
Rxd3 Rxe1+ 35. Bxe1 Rxe1+ 36. Kg2 Kf8 37. Rc3 Re7 38. h4 Ke8 39. Kf3 Kd8 40. h5
Re6 41. Rb3 g6 42. hxg6 fxg6 43. Rb1 Ke7 44. Kg3 g5 45. f3 Kd6 46. Rb2 Kc5 47.
Rc2+ Kb4 48. Rxc7 Kxa4 49. f4 Re3+ 50. Kf2 Re4 51. fxg5 hxg5 52. Kf3 Re5 53.
Rxb7 Kxb5 0-1

[Event "15MCR_F"]
[Site "?"]
[Date "2001.??.??"]
[Round "?"]
[White "Rybak, Milan"]
[Black "Hala, Martin"]
[Result "1/2-1/2"]
[WhiteElo "2410"]
[BlackElo "2415"]
[PlyCount "50"]
[EventDate "2001.??.??"]
[EventType "corr"]
[Source "Chess Mail Ltd"]
[SourceDate "2005.07.27"]

1. e4 e5 2. Nf3 Nc6 3. Bc4 Nf6 4. d4 exd4 5. e5 d5 6. Bb5 Ne4 7. Nxd4 Bc5 8.
Be3 Bd7 9. Bxc6 bxc6 10. Nd2 Ng5 11. c3 Bb6 12. f4 Ne6 13. O-O g6 14. f5 Nxd4
15. cxd4 Bxf5 16. Nb3 Qe7 17. Qd2 a5 18. Rac1 Qb4 19. Qf2 a4 20. Nc5 Bxc5 21.
Rxc5 Kd7 22. Rfc1 Ra6 23. a3 Qb7 24. R1c3 Rb6 25. Bc1 Rb3 1/2-1/2

[Event "15MCR_F"]
[Site "?"]
[Date "2001.??.??"]
[Round "?"]
[White "Rybak, Milan"]
[Black "Vaindl, Jaroslav"]
[Result "1-0"]
[WhiteElo "2410"]
[BlackElo "2325"]
[PlyCount "57"]
[EventDate "2001.??.??"]
[EventType "corr"]
[Source "Chess Mail Ltd"]
[SourceDate "2005.07.27"]

1. e4 e5 2. Nf3 Nc6 3. Bc4 Nf6 4. d4 exd4 5. e5 d5 6. Bb5 Ne4 7. Nxd4 Bd7 8.
Bxc6 bxc6 9. O-O Bc5 10. f3 Ng5 11. f4 Ne4 12. Be3 Qe7 13. Nd2 Nxd2 14. Qxd2
O-O 15. Rae1 Rfe8 16. Nb3 Bb6 17. Qc3 Qh4 18. Bc5 Re6 19. Re3 Rh6 20. h3 Bf5
21. Nd4 Be4 22. Rf2 Re8 23. a4 Qd8 24. Rg3 Bxc5 25. Qxc5 Qe7 26. Rc3 a6 27.
Qxe7 Rxe7 28. Nxc6 Re8 29. Kh2 1-0

[Event "15MCR_F"]
[Site "?"]
[Date "2001.??.??"]
[Round "?"]
[White "Rybak, Milan"]
[Black "Votypka, Miroslav"]
[Result "1/2-1/2"]
[WhiteElo "2410"]
[BlackElo "2355"]
[PlyCount "64"]
[EventDate "2001.??.??"]
[EventType "corr"]
[Source "Chess Mail Ltd"]
[SourceDate "2005.07.27"]

1. e4 e5 2. Nf3 Nc6 3. Bc4 Nf6 4. d4 exd4 5. e5 Ng4 6. Qe2 Qe7 7. Bf4 d6 8.
exd6 cxd6 9. Nbd2 Bf5 10. Nb3 d3 11. cxd3 Qxe2+ 12. Kxe2 Nge5 13. Nfd4 Bd7 14.
Rhe1 Be7 15. Kf1 O-O 16. Nxc6 Bxc6 17. Na5 Bf6 18. Nxc6 bxc6 19. Ba6 Rfb8 20.
d4 Ng6 21. Bxd6 Rb6 22. Bc4 Bxd4 23. Bb3 Bxb2 24. Rad1 Bf6 25. f4 h6 26. g3 Rb7
27. Rc1 Rc8 28. Re2 Rd7 29. Ba3 Be7 30. Bb2 Bf8 31. Rec2 Ne7 32. Be5 g6 1/2-1/2

[Event "15MCR_F"]
[Site "?"]
[Date "2001.??.??"]
[Round "?"]
[White "Doudera, Lubomir"]
[Black "Rybak, Milan"]
[Result "1-0"]
[WhiteElo "2240"]
[BlackElo "2410"]
[PlyCount "97"]
[EventDate "2001.??.??"]
[EventType "corr"]
[Source "Chess Mail Ltd"]
[SourceDate "2005.07.27"]

1. e4 e5 2. Nf3 Nc6 3. Bc4 Nf6 4. Ng5 Bc5 5. Bxf7+ Ke7 6. Bd5 Rf8 7. O-O Qe8 8.
c3 d6 9. d4 Bb6 10. Be3 Qg6 11. Bxc6 bxc6 12. Nd2 Ng4 13. Ngf3 h6 14. Qe2 a5
15. dxe5 Ba6 16. c4 Nxe3 17. fxe3 Kd7 18. Qd3 Rae8 19. exd6 Qxd6 20. Qc3 Kc8
21. Nd4 Qe5 22. Rxf8 Rxf8 23. Rc1 Bc5 24. Qxa5 Bxd4 25. Qxa6+ Kd7 26. Qa3 Bxb2
27. Qxf8 Bxc1 28. Nf1 Qa1 29. Qf5+ Kd8 30. Qc5 Bb2 31. Qxc6 Qxa2 32. Ng3 Bf6
33. Nf5 Qe2 34. Qd5+ Kc8 35. h3 Qe1+ 36. Kh2 Qc3 37. h4 Kb8 38. h5 Be5+ 39. Kh3
Bf6 40. c5 Ka7 41. Qc6 Kb8 42. Qb5+ Ka7 43. c6 Qb2 44. Qxb2 Bxb2 45. Nd4 Kb6
46. Kg4 Bc1 47. Kf4 Bb2 48. Ke5 Kc5 49. Ke6 1-0

[Event "15MCR_F"]
[Site "?"]
[Date "2001.??.??"]
[Round "?"]
[White "Doudera, Lubomir"]
[Black "Hala, Martin"]
[Result "0-1"]
[WhiteElo "2240"]
[BlackElo "2415"]
[PlyCount "109"]
[EventDate "2001.??.??"]
[EventType "corr"]
[Source "Chess Mail Ltd"]
[SourceDate "2005.07.27"]

1. e4 e5 2. Nf3 Nc6 3. Bc4 Nf6 4. Ng5 d5 5. exd5 Na5 6. Bb5+ c6 7. dxc6 bxc6 8.
Be2 h6 9. Nf3 e4 10. Ne5 Bd6 11. d4 exd3 12. Nxd3 Qc7 13. b3 O-O 14. Bb2 Nd5
15. Nc3 Nf4 16. Nxf4 Bxf4 17. g3 Rd8 18. Bd3 Re8+ 19. Ne2 Bg5 20. h4 Be7 21.
Qd2 Nb7 22. O-O-O a5 23. a4 Bb4 24. c3 Bd6 25. Nd4 Nc5 26. Bc2 Bg4 27. Rde1
Reb8 28. c4 Rb7 29. Re3 Qb6 30. Rhe1 Bf8 31. Re8 Rbb8 32. Rxb8 Rxb8 33. Bc3 Ra8
34. Qf4 Bh5 35. g4 Bg6 36. Bxg6 fxg6 37. Kc2 Rb8 38. Re3 Nxb3 39. Nxc6 Na1+ 40.
Bxa1 Qb1+ 41. Kd2 Qa2+ 42. Kd3 Qb1+ 43. Ke2 Qc2+ 44. Kf3 Qd1+ 45. Ke4 Rb7 46.
Bc3 Rf7 47. Qg3 g5 48. hxg5 hxg5 49. Ne5 Rf4+ 50. Qxf4 gxf4 51. Rd3 Qxa4 52.
Kxf4 Be7 53. Kg3 Bf6 54. f4 g5 55. fxg5 0-1

[Event "15MCR_F"]
[Site "?"]
[Date "2001.??.??"]
[Round "?"]
[White "Boukal, Petr"]
[Black "Rybak, Milan"]
[Result "1-0"]
[WhiteElo "2450"]
[BlackElo "2410"]
[PlyCount "91"]
[EventDate "2001.??.??"]
[EventType "corr"]
[Source "Chess Mail Ltd"]
[SourceDate "2005.07.27"]

1. e4 e5 2. Nf3 Nc6 3. Bb5 f5 4. Nc3 fxe4 5. Nxe4 Nf6 6. Nxf6+ Qxf6 7. Qe2 Be7
8. Bxc6 dxc6 9. Nxe5 Bf5 10. O-O O-O 11. d4 Rae8 12. f4 Bd6 13. Be3 Bxe5 14.
dxe5 Qg6 15. Rf2 Rd8 16. Kh1 h5 17. h3 Rd5 18. Rc1 Rfd8 19. Rff1 a5 20. Kh2 b6
21. Qf2 c5 22. Rce1 Rf8 23. c4 Rd3 24. Qh4 a4 25. Rf3 Qf7 26. Rg3 Bg6 27. Rg5
Qe6 28. g4 Rf7 29. gxh5 Bf5 30. Qg3 Kf8 31. Rg1 Rdd7 32. b3 axb3 33. axb3 Qc6
34. Qh4 Kg8 35. R1g2 Qe4 36. Qg3 Qc6 37. h4 Kf8 38. Rxf5 Rxf5 39. Qg6 Qxg6 40.
hxg6 Rd3 41. Rg3 Kg8 42. Kh3 Rxb3 43. Kg4 Rf8 44. f5 Rb4 45. Kg5 Rxc4 46. f6
1-0

[Event "15MCR_F"]
[Site "?"]
[Date "2001.??.??"]
[Round "?"]
[White "Masek, Jan"]
[Black "Rybak, Milan"]
[Result "1/2-1/2"]
[WhiteElo "2330"]
[BlackElo "2410"]
[PlyCount "97"]
[EventDate "2001.??.??"]
[EventType "corr"]
[Source "Chess Mail Ltd"]
[SourceDate "2005.07.27"]

1. e4 e5 2. Nf3 Nc6 3. Bb5 f5 4. Nc3 fxe4 5. Nxe4 Nf6 6. Nxf6+ Qxf6 7. O-O Be7
8. Qe2 O-O 9. Bxc6 dxc6 10. Nxe5 Bf5 11. d4 Rae8 12. c3 Bc8 13. Be3 Bd6 14. f4
Bxe5 15. dxe5 Qg6 16. Rf2 h5 17. a4 a5 18. Re1 h4 19. Qc2 Qh5 20. Qb3+ Kh8 21.
c4 h3 22. g3 Rd8 23. Bd2 Qg6 24. Bxa5 Rd3 25. Qc2 Rxf4 26. Kh1 Re4 27. Rfe2
Rxe2 28. Qxe2 b6 29. e6 bxa5 30. e7 Bd7 31. e8=Q+ Bxe8 32. Qxe8+ Qxe8 33. Rxe8+
Kh7 34. Kg1 Rd1+ 35. Kf2 Rh1 36. Kf3 Rxh2 37. Kg4 Rxb2 38. Kxh3 Rb4 39. Re5
Rxa4 40. Rh5+ Kg8 41. Rc5 Rb4 42. Rxc6 Rb6 43. Rxc7 Ra6 44. c5 a4 45. c6 Kh7
46. Rb7 Rxc6 47. Ra7 Rc4 48. g4 Kh6 49. Ra6+ 1/2-1/2

[Event "15MCR_F"]
[Site "?"]
[Date "2001.??.??"]
[Round "?"]
[White "Boukal, Petr"]
[Black "Foukal, Zdenek"]
[Result "1/2-1/2"]
[WhiteElo "2450"]
[BlackElo "2335"]
[PlyCount "93"]
[EventDate "2001.??.??"]
[EventType "corr"]
[Source "Chess Mail Ltd"]
[SourceDate "2005.07.27"]

1. e4 e5 2. Nf3 Nc6 3. Bb5 Nf6 4. O-O Nxe4 5. d4 Nd6 6. Bxc6 dxc6 7. dxe5 Nf5
8. Qxd8+ Kxd8 9. Nc3 Ke8 10. h3 h6 11. Bf4 Be6 12. g4 Ne7 13. Nd4 Bc4 14. Rfd1
h5 15. b3 Ng6 16. Bg3 Bb4 17. Nce2 Bxe2 18. Nxe2 Bc5 19. Kg2 hxg4 20. hxg4 Ke7
21. Kf3 Rh3 22. Ke4 f6 23. Ng1 Rhh8 24. f4 fxe5 25. f5 Nf4 26. Nf3 Bd6 27. Rh1
Rhe8 28. Rh7 Nd5 29. Rxg7+ Kf8 30. Rg6 Nc3+ 31. Ke3 Bc5+ 32. Kd3 e4+ 33. Kxc3
exf3 34. Rf1 Re3+ 35. Kc4 Bb6 36. Bf2 Re2 37. Bxb6 axb6 38. Rxf3 Rxa2 39. c3
Rad2 40. Rf4 Re3 41. Rf6+ Ke7 42. g5 Re5 43. Rh4 Rc5+ 44. Kb4 Rb5+ 45. Ka3 Ra5+
46. Ra4 Re5 47. Rh4 1/2-1/2

[Event "15MCR_F"]
[Site "?"]
[Date "2001.??.??"]
[Round "?"]
[White "Boukal, Petr"]
[Black "Hala, Martin"]
[Result "1-0"]
[WhiteElo "2450"]
[BlackElo "2415"]
[PlyCount "91"]
[EventDate "2001.??.??"]
[EventType "corr"]
[Source "Chess Mail Ltd"]
[SourceDate "2005.07.27"]

1. e4 e5 2. Nf3 Nc6 3. Bb5 a6 4. Ba4 Nf6 5. O-O Nxe4 6. d4 b5 7. Bb3 d5 8. dxe5
Be6 9. Nbd2 Bc5 10. Nxe4 dxe4 11. Bxe6 fxe6 12. Ng5 Qxd1 13. Rxd1 O-O 14. Nxe4
Bb6 15. Kf1 h6 16. c3 Nxe5 17. Ke2 Rad8 18. Rxd8 Rxd8 19. b3 Kf7 20. f3 Rd5 21.
a4 Nd3 22. Be3 Bxe3 23. Kxe3 Nc5 24. axb5 axb5 25. Ra7 Nxb3 26. Rxc7+ Kg6 27.
g4 h5 28. h4 Na5 29. Kf4 e5+ 30. Kg3 Rd1 31. Rc5 hxg4 32. Rxb5 Nc4 33. Rc5 Nd2
34. Rc6+ Kf5 35. Nxd2 Rxd2 36. fxg4+ Ke4 37. Rc4+ Kd5 38. Rc7 Rd3+ 39. Kf2 Ke4
40. Rxg7 Kf4 41. g5 Rd2+ 42. Kf1 Rh2 43. Rf7+ Ke3 44. g6 Rxh4 45. g7 Rg4 46.
Rd7 1-0

[Event "15MCR_F"]
[Site "?"]
[Date "2001.??.??"]
[Round "?"]
[White "Foukal, Zdenek"]
[Black "Hala, Martin"]
[Result "1/2-1/2"]
[WhiteElo "2335"]
[BlackElo "2415"]
[PlyCount "90"]
[EventDate "2001.??.??"]
[EventType "corr"]
[Source "Chess Mail Ltd"]
[SourceDate "2005.07.27"]

1. e4 e5 2. Nf3 Nc6 3. Bb5 a6 4. Ba4 Nf6 5. O-O Nxe4 6. d4 b5 7. Bb3 d5 8. dxe5
Be6 9. Nbd2 Bc5 10. Nxe4 dxe4 11. Ng5 Qxd1 12. Rxd1 O-O 13. Nxe4 Bxb3 14. axb3
Bd4 15. e6 fxe6 16. c3 Bb6 17. Be3 Bxe3 18. fxe3 a5 19. Ng5 Rfe8 20. Rd7 Rac8
21. Nf3 Red8 22. Rxd8+ Rxd8 23. Nd4 Nxd4 24. exd4 Ra8 25. Kf2 Kf7 26. Kf3 Ke7
27. h4 a4 28. Ke4 Rb8 29. bxa4 bxa4 30. Ra2 Kd6 31. h5 Rb5 32. g4 Rg5 33. Kf4
Ra5 34. Ra3 Rb5 35. Rxa4 Rxb2 36. Ra8 Rf2+ 37. Kg5 Rf6 38. Rd8+ Kc6 39. Rg8 h6+
40. Kh4 Rf7 41. g5 Kd5 42. g6 Re7 43. Rd8+ Kc6 44. Rf8 Kd6 45. Kg4 e5 1/2-1/2

[Event "15MCR_F"]
[Site "?"]
[Date "2001.??.??"]
[Round "?"]
[White "Vavrla, Zdenek"]
[Black "Hala, Martin"]
[Result "1/2-1/2"]
[WhiteElo "2320"]
[BlackElo "2415"]
[PlyCount "65"]
[EventDate "2001.??.??"]
[EventType "corr"]
[Source "Chess Mail Ltd"]
[SourceDate "2005.07.27"]

1. e4 e5 2. Nf3 Nc6 3. Bb5 a6 4. Ba4 Nf6 5. O-O Nxe4 6. d4 b5 7. Bb3 d5 8. dxe5
Be6 9. Nbd2 Bc5 10. Nxe4 dxe4 11. Bxe6 fxe6 12. Ng5 Qxd1 13. Rxd1 O-O 14. Nxe4
Bb6 15. a4 Nxe5 16. Kf1 Nc4 17. f3 Rad8 18. Rxd8 Rxd8 19. axb5 axb5 20. Ke2 h6
21. b3 Nd6 22. Be3 Nxe4 23. fxe4 Bxe3 24. Kxe3 Rd6 25. c4 bxc4 26. bxc4 Kf7 27.
e5 Rd7 28. Ra5 Ke7 29. Ra7 c5 30. Ra5 Rc7 31. h4 Kf7 32. h5 Ke7 33. g3 1/2-1/2

[Event "15MCR_F"]
[Site "?"]
[Date "2001.??.??"]
[Round "?"]
[White "Masek, Jan"]
[Black "Hala, Martin"]
[Result "1-0"]
[WhiteElo "2330"]
[BlackElo "2415"]
[PlyCount "111"]
[EventDate "2001.??.??"]
[EventType "corr"]
[Source "Chess Mail Ltd"]
[SourceDate "2005.07.27"]

1. e4 e5 2. Nf3 Nc6 3. Bb5 a6 4. Ba4 Nf6 5. O-O Nxe4 6. d4 b5 7. Bb3 d5 8. dxe5
Be6 9. Qe2 Bc5 10. Be3 Bxe3 11. Qxe3 Ne7 12. Nbd2 Nf5 13. Qe2 Nxd2 14. Qxd2 c5
15. c3 O-O 16. Rad1 Qe7 17. Qf4 Rad8 18. Rfe1 h6 19. Bc2 g5 20. Qc1 g4 21. Nd2
Qg5 22. Nb3 Qxc1 23. Rxc1 Rc8 24. Rcd1 Rfd8 25. Re2 Nh4 26. Red2 Rf8 27. Na5 f6
28. exf6 Rc7 29. b4 Rxf6 30. Nb3 cxb4 31. cxb4 Bf7 32. Nc5 a5 33. Nd3 axb4 34.
Nxb4 Rf4 35. a3 Rc3 36. Rd3 Rfc4 37. Rxc3 Rxc3 38. Rd3 Rc4 39. Bd1 Re4 40. f3
gxf3 41. g3 Nf5 42. Nxd5 Rd4 43. Rxd4 Nxd4 44. Ne3 Kg7 45. Kf2 Kf6 46. Bxf3 Be6
47. Be4 Ke5 48. Bd3 Bd7 49. Nd1 Be6 50. Ke3 Bd7 51. Nf2 Nf5+ 52. Bxf5 Bxf5 53.
g4 Bd7 54. Nd3+ Kd5 55. Kf4 Kc4 56. Ne5+ 1-0

[Event "15MCR_F"]
[Site "?"]
[Date "2001.??.??"]
[Round "?"]
[White "Hlavac, Rudolf"]
[Black "Hala, Martin"]
[Result "1/2-1/2"]
[WhiteElo "2350"]
[BlackElo "2415"]
[PlyCount "46"]
[EventDate "2001.??.??"]
[EventType "corr"]
[Source "Chess Mail Ltd"]
[SourceDate "2005.07.27"]

1. e4 e5 2. Nf3 Nc6 3. Bb5 a6 4. Ba4 Nf6 5. d4 Nxd4 6. Nxd4 exd4 7. e5 Ne4 8.
Qxd4 Nc5 9. Nc3 Be7 10. O-O O-O 11. Bg5 Bxg5 12. Qxc5 Be7 13. Qe3 d5 14. exd6
Bxd6 15. Rad1 Qh4 16. g3 Qf6 17. Rfe1 Bg4 18. Nd5 Qe6 19. Rd3 b5 20. Qd2 Qg6
21. Bb3 Rae8 22. Rde3 Rxe3 23. Nxe3 Bf3 1/2-1/2

[Event "15MCR_F"]
[Site "?"]
[Date "2001.??.??"]
[Round "?"]
[White "Hlavac, Rudolf"]
[Black "Hybl, Vladislav"]
[Result "1/2-1/2"]
[WhiteElo "2350"]
[BlackElo "2240"]
[PlyCount "63"]
[EventDate "2001.??.??"]
[EventType "corr"]
[Source "Chess Mail Ltd"]
[SourceDate "2005.07.27"]

1. e4 e5 2. Nf3 Nc6 3. Bb5 a6 4. Ba4 Nf6 5. d4 exd4 6. O-O Be7 7. e5 Ne4 8.
Nxd4 Nxd4 9. Qxd4 Nc5 10. Nc3 O-O 11. Bg5 Bxg5 12. Qxc5 Be7 13. Qe3 d5 14. exd6
Bxd6 15. Rad1 b5 16. Qf3 Rb8 17. Bb3 Qh4 18. g3 Qh3 19. Rd4 Qf5 20. Qe2 Bb7 21.
Bd5 Be5 22. Rd3 Bxc3 23. Bxb7 Bxb2 24. Bxa6 Qf6 25. Rb3 Rfe8 26. Qd3 Qxa6 27.
Rxb2 c6 28. Rd1 Qa5 29. Qf3 Re1+ 30. Rxe1 Qxe1+ 31. Kg2 Qe5 32. c3 1/2-1/2

[Event "15MCR_F"]
[Site "?"]
[Date "2001.??.??"]
[Round "?"]
[White "Hlavac, Rudolf"]
[Black "Kostal, Jindrich"]
[Result "1/2-1/2"]
[WhiteElo "2350"]
[BlackElo "2305"]
[PlyCount "46"]
[EventDate "2001.??.??"]
[EventType "corr"]
[Source "Chess Mail Ltd"]
[SourceDate "2005.07.27"]

1. e4 e5 2. Nf3 Nc6 3. Bb5 a6 4. Ba4 Nf6 5. d4 exd4 6. O-O Be7 7. e5 Ne4 8.
Nxd4 O-O 9. Nf5 d5 10. Bxc6 bxc6 11. Nxe7+ Qxe7 12. Re1 Re8 13. f3 Nd6 14. b3
f6 15. Bb2 Nf7 16. f4 fxe5 17. fxe5 Bf5 18. Nd2 Rad8 19. Nf3 c5 20. Qd2 Be4 21.
Qf4 Bxf3 22. Qxf3 d4 23. e6 Ng5 1/2-1/2

[Event "15MCR_F"]
[Site "?"]
[Date "2001.??.??"]
[Round "?"]
[White "Kostal, Jindrich"]
[Black "Vaindl, Jaroslav"]
[Result "1-0"]
[WhiteElo "2305"]
[BlackElo "2325"]
[PlyCount "85"]
[EventDate "2001.??.??"]
[EventType "corr"]
[Source "Chess Mail Ltd"]
[SourceDate "2005.07.27"]

1. e4 e5 2. Nf3 Nc6 3. Bb5 a6 4. Ba4 Nf6 5. O-O Be7 6. Re1 b5 7. Bb3 O-O 8. c3
d5 9. exd5 Nxd5 10. Nxe5 Nxe5 11. Rxe5 c6 12. d4 Bd6 13. Re1 Qh4 14. g3 Qh3 15.
Be3 Bg4 16. Qd3 f5 17. f4 Kh8 18. Bxd5 cxd5 19. Nd2 Rae8 20. Qf1 Qh5 21. a4
bxa4 22. Rxa4 g5 23. Raa1 Re6 24. fxg5 Rfe8 25. Qf2 f4 26. gxf4 Bh3 27. Kh1 h6
28. Nf3 Bxf4 29. Ne5 Bxe5 30. dxe5 hxg5 31. Rg1 g4 32. Bd4 Qg6 33. Rae1 Kh7 34.
Re3 Qh5 35. b4 Kh8 36. Qd2 Qh7 37. Bc5 Qb7 38. Qd4 Kh7 39. Rge1 Qg7 40. Bd6 Rg6
41. Qxd5 Qh6 42. Rg3 Qg7 43. c4 1-0

[Event "15MCR_F"]
[Site "?"]
[Date "2001.??.??"]
[Round "?"]
[White "Masek, Jan"]
[Black "Vaindl, Jaroslav"]
[Result "1-0"]
[WhiteElo "2330"]
[BlackElo "2325"]
[PlyCount "85"]
[EventDate "2001.??.??"]
[EventType "corr"]
[Source "Chess Mail Ltd"]
[SourceDate "2005.07.27"]

1. e4 e5 2. Nf3 Nc6 3. Bb5 a6 4. Ba4 Nf6 5. O-O Be7 6. Re1 b5 7. Bb3 O-O 8. c3
d5 9. exd5 Nxd5 10. Nxe5 Nxe5 11. Rxe5 c6 12. Re1 Bd6 13. d3 Qh4 14. g3 Qh3 15.
Re4 Qf5 16. Nd2 Qg6 17. Nf1 h5 18. Ne3 Nf4 19. a4 Be6 20. Bc2 f5 21. Rxe6 Nxe6
22. axb5 cxb5 23. d4 Ng5 24. Qe2 Rfe8 25. Kf1 Qf7 26. Bxf5 g6 27. Bc2 Kg7 28.
f4 Ne4 29. Qf3 Nf6 30. Kg2 Qd7 31. h4 Rf8 32. f5 Ng8 33. g4 hxg4 34. Qxg4 Nf6
35. Qxg6+ Kh8 36. Ng4 Qc6+ 37. Kf2 Nxg4+ 38. Qxg4 Ra7 39. Bg5 Qe8 40. Re1 Qf7
41. Kg1 Re7 42. Bxe7 Bxe7 43. Bb3 1-0

[Event "15MCR_F"]
[Site "?"]
[Date "2001.??.??"]
[Round "?"]
[White "Trexler, Evzen"]
[Black "Masek, Jan"]
[Result "1/2-1/2"]
[WhiteElo "2350"]
[BlackElo "2330"]
[PlyCount "42"]
[EventDate "2001.??.??"]
[EventType "corr"]
[Source "Chess Mail Ltd"]
[SourceDate "2005.07.27"]

1. e4 e5 2. Nf3 Nc6 3. Bb5 a6 4. Ba4 Nf6 5. O-O Be7 6. Re1 b5 7. Bb3 O-O 8. a4
Bb7 9. c3 d5 10. axb5 axb5 11. Rxa8 Bxa8 12. exd5 Nxd5 13. Na3 Qd7 14. d3 Bxa3
15. bxa3 Nxc3 16. Qd2 Nd5 17. Nxe5 Nxe5 18. Rxe5 Re8 19. Qe2 Rxe5 20. Qxe5 Nf6
21. Bg5 Qg4 1/2-1/2

[Event "15MCR_F"]
[Site "?"]
[Date "2001.??.??"]
[Round "?"]
[White "Vavrla, Zdenek"]
[Black "Masek, Jan"]
[Result "1-0"]
[WhiteElo "2320"]
[BlackElo "2330"]
[PlyCount "104"]
[EventDate "2001.??.??"]
[EventType "corr"]
[Source "Chess Mail Ltd"]
[SourceDate "2005.07.27"]

1. e4 e5 2. Nf3 Nc6 3. Bb5 a6 4. Ba4 Nf6 5. O-O Be7 6. Re1 b5 7. Bb3 O-O 8. c3
d5 9. exd5 Nxd5 10. Nxe5 Nxe5 11. Rxe5 c6 12. d4 Bd6 13. Re1 Qh4 14. g3 Qh3 15.
Be3 Bg4 16. Qd3 Rae8 17. Nd2 Re6 18. a4 Qh5 19. axb5 axb5 20. Nf1 Bf5 21. Qd2
Rfe8 22. Bd1 Qg6 23. Bf3 h5 24. Ra6 Nf4 25. h4 Bc7 26. Raa1 Nd5 27. Bg5 Bg4 28.
Rxe6 Rxe6 29. Ra8+ Kh7 30. Qd1 f6 31. Bd2 f5 32. Nh2 Nf6 33. Rc8 Qf7 34. Qb1
Ne4 35. Bxe4 fxe4 36. Nxg4 hxg4 37. Be3 Re7 38. Bg5 Re8 39. Rxe8 Qxe8 40. b3
Qe6 41. c4 Bb6 42. Be3 Qf5 43. Qd1 bxc4 44. bxc4 Bc7 45. d5 cxd5 46. cxd5 Bd6
47. Qd4 Kg8 48. Bd2 Kf7 49. Bc3 g6 50. Qa7+ Ke8 51. Qa8+ Kf7 52. Bd2 Qd7 {Odhad
} 1-0